History Quiz

Random History or War Quiz
Score 0/17 Timer 10:00
0 Plays Today
Question Answer % Correct
What Year Was HMS Hood Laid Down?1916
100%
What Year Was HMS Hood Launched?1918
100%
What Year Was HMS Hood Commissioned?1920
100%
Which Capital Ship Played Consort to HMS Hood When She was Sunk?HMS Prince of Wales
94.1%
Which Two Cruisers Spotted the German Ships Before the Battle?HMS Norfolk
88.2%
Which Two German Ships were Involved in the Battle of the Denmark Strait?Bismarck
88.2%
and...HMS Suffolk
82.4%
and...Prinz Eugen
82.4%
How Many Men Survived From HMS Hood?Three
82.4%
Question Answer % Correct
Number of 15 Inch Guns?Eight
70.6%
Which Admiral was Aboard HMS Hood when She was Sunk?Lancelot Holland
64.7%
Top Speed?32 Knots
64.7%
What was the Displacement of HMS Hood, (Long Tonnes, Fully Loaded, to the Nearest Thousand)?46,200
52.9%
What Year was it Found?2001
52.9%
Who Launched HMS Hood?Lady Hood
41.2%
Who was the Captain of HMS Hood when She was Sunk?Ralph Kerr
29.4%
Who Found the Wreck?David Mearns
29.4%
Remove Ads.
Support Sporcle.
Get the best of Sporcle when you Go Orange. This ad-free experience offers more features, more stats, and more fun while also helping to support Sporcle. Thank you for becoming a member.

You're not logged in!

Compare scores with friends on all Sporcle quizzes.
OR
Log In

Sporcle TV

Today on Sporcle TV


Watch our educational content, quiz creation guides, and fun videos on Sporcle TV.

Show Comments

Extras

Top Quizzes Today


Score Distribution

Paid Content

Your Account Isn't Verified!

In order to create a playlist on Sporcle, you need to verify the email address you used during registration. Go to your Sporcle Settings to finish the process.

Report this User

Report this user for behavior that violates our Community Guidelines.

Details: